Регионална библиотека "Любен Каравелов" - Русе

Всичко за кучето (Запис номер 77505)

MARC детайли
000 -Лидер
Контролно поле с фиксирана дължина 01396nam a2200361 c 4500
003 - Код на организацията, давaща контролен номер
Контролно поле BLK
005 - Дата и час на последна редакция
Контролно поле 20250517123022.0
008 - Елементи от данни с фиксирана дължина
fixed length control field 180408b bul|||||r ||||||| ||bul||
010 ## - Наследен системен номер
LC control number KNG00081962000
020 ## - Международен стандартен номер на книга ISBN
Международен стандартен номер на книга ISBN 954-9390-02-0
-- издат.: Зенит
040 ## - Източник на каталожния запис
Идентификатор на билиотеката - собственик на записа BLK
041 ## - Код за език
Код за езика на текст/звукозапис или на отделно заглавие Български
Код за езика КДБФ Български
080 ## - УДК
Текстов определител УДК Кучета
УДК код - определител по УДК 636.7
УДК определител .083(035)
УДК - код + определител 636.7.083(035)
100 1# - Редна дума - Автор
Автор Фогъл, Брус
Авторска отговорност първи автор
R(LIN) 286556
139 ## - Редно поле
Редна дума Фогъл, Брус
Авторски знак Фо - Ф 66
245 10 - Сведения за заглавието
Заглавие Всичко за кучето
Подзаглавни данни Наръчник на собственика
Редно поле (дума) Брус Фогъл; прев. Елица Боюкова.
257 ## - Страна на издаване
Страна на създаване/издаване Великобритания
260 ## - Област на издателските данни
-- София
Име на издателя, разпространителя и проч. Зенит
Година на издаване 2004
300 ## - Физическа характеристика
Страници 288 с.
Илюстрации и др. с цв. ил.
Размери/Мащаб 22 см
380 ## - Жанр
Жанр Селско стопанство
500 ## - Общи забележки
Забележка Ориг. загл. Dog Owner's Manual / Bruce Fogle. - Офс. изд. - Съдържа и Речник. - Азб. показалец.
650 #4 - Допълнително описание по предмет – тема
Основно описание – тема или топоним Кучета - отглеждане - наръчници и ръководства
9 (RLIN) 248432
653 ## - Ключова дума – ненормативна
Ключова дума кучета
653 ## - Ключова дума – ненормативна
Ключова дума наръчници
653 ## - Ключова дума – ненормативна
Ключова дума ръководства
700 1# - Други автори (авторска отговорност)
Лично име Боюкова, Елица
Автороска отговорност (Описва отношението между автора и произведението) прев.
9 (RLIN) 42350
852 ## - Местоположение
Форматна сигнатура Цб 238734
856 4# - Електронен адрес и достъп
Електронен формат pdf - файл
Път до файла /url/
856 4# - Електронен адрес и достъп
Електронен формат pdf - файл
Път до файла /url/
942 ## - АРТИКУЛИ
Вид на библиотечния материал Книги
Скрит в OPAC Не
Koha issues (borrowed), all copies 22
944 ## - СЪЗДАВАНЕ И РЕДАКЦИЯ на ЗАПИСА
Създаване/Редакция Създаване
Дата на регистрацията/редакция 04.03.2008
Служител, извършил регистрацията/редакцията 30550
Статус, дата на статуса Кети Илиева
944 ## - СЪЗДАВАНЕ И РЕДАКЦИЯ на ЗАПИСА
Създаване/Редакция Редакция
Дата на регистрацията/редакция 14.12.2017
Служител, извършил регистрацията/редакцията Грета_Цуфелде
999 ## - СИСТЕМНИ КОНТРОЛНИ НОМЕРА
Koha biblionumber 77505
Koha biblioitemnumber 77505
Наличности
Код за отписване Код за изгубен артикул Код за повреда Коз за рестрикции Код за отдаване Артикулен № Име на библиотеката - собственик Име на библиотеката, в която се намира в момента Статус (Текущо местоположение) Дата на вписване в системата Местоположение - отдел Цена в лева Инвентарен номер Систематично азбучна сигнатура Баркод Номер на екземпляра Цена в евро Служебна бележка Служебен тип на артикула
  Не е изгубен Не е повреден без рестрикции заемане за дома 125669 Регионална библиотека "Любен Каравелов" Русе Регионална библиотека "Любен Каравелов" Русе Детски отдел 2008-02-28 Детски отдел 14.95 120000724088 ДН 636/639/Ф 66 120000724088 1 7.64 Дост: Ak Вид: Г N: 5 Дата: 28.02.2008 Дата инв: 07.09.2015 Бележки инв: Д2015 Книги
Vip Innovations Ltd, Rousse, Bulgaria 2025